Statistics for The First 50 Prime Numbers

Click here to take the quiz!

General Stats

  • This quiz has been taken 84 times
  • The average score is 42 of 50

Answer Stats

Number of positive preceding prime numbersNumber% Correct
02
100%
13
100%
411
98%
513
98%
25
98%
37
98%
617
97%
719
97%
823
97%
929
97%
1031
97%
1137
97%
1241
97%
1343
97%
1447
95%
1553
93%
1659
93%
1867
93%
2073
93%
1761
92%
1971
92%
2179
92%
2283
92%
2389
92%
2497
92%
25 (this is the first 3-digit prime number)101
89%
29113
87%
26103
85%
27107
85%
28109
85%
30127
82%
31131
80%
32137
79%
33139
77%
34149
74%
35151
74%
36157
72%
38167
70%
41181
70%
47223
70%
37163
69%
39173
69%
40179
69%
42191
69%
43193
69%
44197
69%
45199
67%
46 (into the 200s)211
67%
48227
67%
49229
67%

Score Distribution

Percentile by Number Answered

Percent of People with Each Score

Your Score History

You have not taken this quiz